Movies Quiz

Random Movies or Celebrity Quiz

Actors in Disguise II Quiz Stats

 Plays Quiz Updated Nov 17, 2014

Score 0/20 Timer 06:00
8 Plays Today
Actor/Actress % Correct
Robin Williams
96.5%
Jim Carrey
92.1%
Eddie Murphy
89.2%
Jack Nicholson
85.7%
John Travolta
80.4%
Helena Bonham Carter
64.4%
Mike Myers
63.5%
Tom Cruise
60.4%
Michael J. Fox
58.6%
Ben Kingsley
57.7%
Actor/Actress % Correct
Martin Lawrence
51.5%
Christopher Lloyd
43.2%
Jack Lemmon
42.5%
Cate Blanchett
35.8%
Kelsey Grammer
35%
Ron Perlman
33.7%
Al Pacino
33.2%
Eric Bana
20.7%
Dustin Hoffman
16.7%
Glenn Close
15.6%

You're not logged in!

Compare scores with friends on all Sporcle quizzes.
OR
Log In

Show Comments

Extras

Top Quizzes Today


Score Distribution

Your Account Isn't Verified!

In order to create a playlist on Sporcle, you need to verify the email address you used during registration. Go to your Sporcle Settings to finish the process.

Report this User

Report this user for behavior that violates our Community Guidelines.

Details: